Mecánica teórica y práctica. (Record no. 41421)

MARC details
000 -LEADER
campo de control de longitud fija 00556nam a2200181 i 4500
001 - NÚMERO DE CONTROL
campo de control 41421
003 - IDENTIFICADOR DE NÚMERO DE CONTROL
campo de control ES-MaACL
005 - FECHA Y HORA DE LA ÚLTIMA TRANSACCIÓN
campo de control 20250814045706.0
007 - CAMPO FIJO DE DESCRIPCIÓN FÍSICA--INFORMACIÓN GENERAL
campo de control de longitud fija t|
008 - DATOS DE LONGITUD FIJA--INFORMACIÓN GENERAL
campo de control de longitud fija 030310s1943 sp ||||1| spa d
100 1# - ENTRADA PRINCIPAL--NOMBRE DE PERSONA
Nombre de persona Casajús Rueda, Victoriano.
9 (RLIN) 36041
245 10 - MENCIÓN DEL TÍTULO
Título Mecánica teórica y práctica.
260 ## - PUBLICACIÓN, DISTRIBUCIÓN, ETC.
Lugar de publicación, distribución, etc. Madrid :
Nombre del editor, distribuidor, etc. Naval,
Fecha de publicación, distribución, etc. 1943 (
Lugar de fabricación/manufactura Cádiz :
Fabricante Tipografía de la Escuela Naval Militar)
300 ## - DESCRIPCIÓN FÍSICA
Extensión X, 639 p. :
Otras características físicas il. ;
Dimensiones 21 cm.
650 07 - PUNTO DE ACCESO ADICIONAL DE MATERIA--TÉRMINO DE MATERIA
Término de materia o nombre geográfico como elemento de entrada Mecánica
Fuente del encabezamiento o término embne
9 (RLIN) 14869
852 ## - LOCALIZACIÓN
Ubicación ES-MaACL
Número de control de estantería F-16317
Sublocalización o colección R.21357
Holdings
Estatus retirado Estado de pérdida Estado de daño No para préstamo Biblioteca de origen Biblioteca actual Ubicación en estantería Fecha de adquisición Fuente de adquisición Total de préstamos Signatura topográfica completa Código de barras Visto por última vez Precio de reemplazo Tipo de ítem Koha
        Biblioteca del Ateneo de Madrid Biblioteca del Ateneo de Madrid Sala Pecera Planta 2 17/01/2008     F-16317 1043606 23/02/2023 23/02/2023 Libro impreso